<?xml version="1.0" encoding="UTF-8"?><?xml-stylesheet type="text/xsl" href="static/style.xsl"?><OAI-PMH xmlns="http://www.openarchives.org/OAI/2.0/" xmlns:xsi="http://www.w3.org/2001/XMLSchema-instance" xsi:schemaLocation="http://www.openarchives.org/OAI/2.0/ http://www.openarchives.org/OAI/2.0/OAI-PMH.xsd"><responseDate>2026-04-17T18:42:09Z</responseDate><request verb="GetRecord" identifier="oai:www.recercat.cat:2072/427784" metadataPrefix="marc">https://recercat.cat/oai/request</request><GetRecord><record><header><identifier>oai:recercat.cat:2072/427784</identifier><datestamp>2025-10-17T04:11:20Z</datestamp><setSpec>com_2072_98</setSpec><setSpec>col_2072_378192</setSpec></header><metadata><record xmlns="http://www.loc.gov/MARC21/slim" xmlns:dcterms="http://purl.org/dc/terms/" xmlns:xsi="http://www.w3.org/2001/XMLSchema-instance" xmlns:doc="http://www.lyncode.com/xoai" xsi:schemaLocation="http://www.loc.gov/MARC21/slim http://www.loc.gov/standards/marcxml/schema/MARC21slim.xsd">
   <leader>00925njm 22002777a 4500</leader>
   <datafield ind2=" " ind1=" " tag="042">
      <subfield code="a">dc</subfield>
   </datafield>
   <datafield ind2=" " ind1=" " tag="720">
      <subfield code="a">Rodríguez Rad, Carlos Javier</subfield>
      <subfield code="e">author</subfield>
   </datafield>
   <datafield ind2=" " ind1=" " tag="260">
      <subfield code="c">1993</subfield>
   </datafield>
   <datafield ind2=" " ind1=" " tag="520">
      <subfield code="a">Es difícil leer un periódico, una revista o ver cualquier cosa en la televisión sin encontrarnos con el anuncio de algún coche (exceptuando a los virtuosos del zapping, por supuesto). Esto se confirma si analiza mos el ranking de inversión publicitr.ria, pues nos llamará poderosamen te la atención el observar que los primeros puestos se encuentran copa dos, casi exclusivamente, por empresas automovilísticas.</subfield>
   </datafield>
   <datafield ind2=" " ind1=" " tag="520">
      <subfield code="a">It is difficult to read a newspaper, a magazine or watch anything on television without encountering the announcement of a car (except for the virtuosos of zapping, of course). This is confirmed if we analyze the ranking of public investment, because we will be able to call attention to the fact that the first positions are found almost exclusively by automobile companies.</subfield>
   </datafield>
   <datafield tag="653" ind2=" " ind1=" ">
      <subfield code="a">Automobile, advertising</subfield>
   </datafield>
   <datafield tag="653" ind2=" " ind1=" ">
      <subfield code="a">Automóvil, publicidad</subfield>
   </datafield>
   <datafield ind2="0" ind1="0" tag="245">
      <subfield code="a">El sector del automóvil : motor de la publicidad</subfield>
   </datafield>
</record></metadata></record></GetRecord></OAI-PMH>